Balancing risk and reward (Record no. 115085)

MARC details
000 -LEADER
fixed length control field 00871cam a22001935a 4500
001 - CONTROL NUMBER
control field L158029
008 - FIXED-LENGTH DATA ELEMENTS--GENERAL INFORMATION
fixed length control field 140128s2014 xxk f 000 0 eng d
035 ## - SYSTEM CONTROL NUMBER
System control number (Sirsi) u158029
041 0# - LANGUAGE CODE
Language code of text/sound track or separate title eng
100 1# - MAIN ENTRY--PERSONAL NAME
Personal name McDonald, Oonagh
245 00 - TITLE STATEMENT
Title Balancing risk and reward
Remainder of title recommendations for a sustainable valuation profession in the UK
Medium [electronic resource]
260 ## - PUBLICATION, DISTRIBUTION, ETC.
Place of publication, distribution, etc. London
Name of publisher, distributor, etc. RICS
Date of publication, distribution, etc. 2014
520 ## - SUMMARY, ETC.
Summary, etc. Outlines the recommendations of the independent property valuation inquiry commissioned by RICS in 2013 to look at the future of property valuation in the UK.
590 ## - LOCAL NOTE (RLIN)
Local note KA
651 #4 - SUBJECT ADDED ENTRY--GEOGRAPHIC NAME
Geographic name United Kingdom
690 ## - LOCAL SUBJECT ADDED ENTRY--TOPICAL TERM (OCLC, RLIN)
Topical term or geographic name as entry element Valuation
9 (RLIN) 6273
856 40 - ELECTRONIC LOCATION AND ACCESS
Uniform Resource Identifier <a href="https://web.archive.org/web/20220307230754/http://www.oonaghmcdonald.com/uploads/3/9/0/8/39086241/rics-balancing-risk-reward-sustainable-valuation-report.pdf">https://web.archive.org/web/20220307230754/http://www.oonaghmcdonald.com/uploads/3/9/0/8/39086241/rics-balancing-risk-reward-sustainable-valuation-report.pdf</a>
Public note Available on internet archive here
942 ## - ADDED ENTRY ELEMENTS (KOHA)
Suppress in OPAC 0
Source of classification or shelving scheme Dewey Decimal Classification
Holdings
Withdrawn status Lost status Damaged status Not for loan Home library Current library Shelving location Date acquired Total Checkouts Full call number Date last seen Copy number Price effective from Koha item type Public note
        Virtual Virtual Online 28/01/2014   SCAN 03/10/2024 1 06/08/2019 Online material Please contact [email protected] to request a digital copy